[Event "FRA-chT1 0910"]
[Site "France"]
[Date "2009.10.18"]
[Round "3.8"]
[White "Houck, Veronique"]
[Black "Betton, Olivier"]
[Result "0-1"]
[WhiteElo "1733"]
[BlackElo "2183"]
[PlyCount "74"]
[EventDate "2009.09.27"]
[EventType "team-tourn"]
[EventRounds "11"]
[EventCountry "FRA"]
[SourceTitle "EXT 2011"]
[Source "ChessBase"]
[SourceDate "2010.11.26"]
[SourceVersion "1"]
[SourceVersionDate "2010.11.26"]
[SourceQuality "1"]

1. f4 d5 2. Nf3 Nf6 3. d4 e6 4. e3 Bd6 5. Be2 0-0 6. 0-0 Ne4 7. Nbd2 Nxd2 8. Bxd2 f6 9. c4 b6 10. b4 c6 11. c5 Bc7 12. a4 Nd7 13. Qc2 bxc5 14. bxc5 Rb8 15. Rab1 Rxb1 16. Qxb1 e5 17. fxe5 fxe5 18. e4 exd4 19. Nxd4 Rxf1+ 20. Bxf1 Qf6 21. Qb4 dxe4 22. Bc4+ Kh8 23. Ne6 Be5 24. Ng5 Bd4+ 25. Kh1 Bxc5 26. Nf7+ Qxf7 27. Bxf7 Bxb4 28. Bxb4 Ne5 29. Be8 Bd7 30. Bh5 Bg4 31. Be8 e3 32. Kg1 e2 33. h3 Be6 34. Bd2 Nd3 35. Bxc6 e1Q+ 36. Bxe1 Nxe1 37. Bb5 Nc2 0-1

[Event "FRA-chT2 0304"]
[Site "France"]
[Date "2004.03.13"]
[Round "8"]
[White "Houck, Veronique"]
[Black "Baldi, Audrey Jeanne"]
[Result "1/2-1/2"]
[WhiteElo "1510"]
[BlackElo "1880"]
[PlyCount "127"]
[EventDate "2003.10.??"]
[EventType "team"]
[EventRounds "11"]
[EventCountry "FRA"]
[SourceTitle "EXT 2005"]
[Source "ChessBase"]
[SourceDate "2004.11.15"]
[SourceVersion "1"]
[SourceVersionDate "2004.11.15"]
[SourceQuality "1"]

1. e4 e6 2. Nc3 d5 3. f3 Nf6 4. d4 Bb4 5. Bd2 dxe4 6. Nxe4 Bxd2+ 7. Qxd2 Nxe4 8. fxe4 Qh4+ 9. Qf2 Qxe4+ 10. Kd2 Nc6 11. Nf3 0-0 12. Bd3 Qf4+ 13. Ke2 Rd8 14. c3 e5 15. g3 Qf6 16. Be4 exd4 17. Bxc6 Qxc6 18. Nxd4 Qe4+ 19. Qe3 Bg4+ 20. Kf2 Re8 21. Rhe1 Qxe3+ 22. Rxe3 Rxe3 23. Kxe3 Re8+ 24. Kf2 c5 25. Nb5 Re2+ 26. Kg1 Rxb2 27. Re1 g6 28. a4 Bf3 29. Re3 Bc6 30. Nxa7 Bxa4 31. Nc8 Rb1+ 32. Kf2 Rh1 33. h4 Rd1 34. Nb6 Bb5 35. c4 Bc6 36. Re5 Rb1 37. Nd5 Bxd5 38. cxd5 Rd1 39. Ke2 Rd4 40. Ke3 Kg7 41. h5 Kf6 42. Re8 Rxd5 43. hxg6 hxg6 44. Rb8 c4 45. Rxb7 Rd3+ 46. Ke4 Rxg3 47. Rc7 c3 48. Kf4 Rh3 49. Ke4 g5 50. Rc5 Kg6 51. Rc6+ f6 52. Rc5 g4 53. Kf4 g3 54. Kf3 f5 55. Kg2 Rh4 56. Kxg3 Kg5 57. Rxc3 f4+ 58. Kf2 Kg4 59. Kg2 Rh5 60. Rc8 Rg5 61. Rf8 Rf5 62. Rg8+ Kh5 63. Kf3 Rf6 64. Rg4 1/2-1/2

[Event "FRA-chT2 0304"]
[Site "France"]
[Date "2004.01.17"]
[Round "5"]
[White "Michel, Isabelle"]
[Black "Houck, Veronique"]
[Result "1-0"]
[WhiteElo "1540"]
[BlackElo "1510"]
[PlyCount "81"]
[EventDate "2003.10.??"]
[EventType "team"]
[EventRounds "11"]
[EventCountry "FRA"]
[SourceTitle "EXT 2005"]
[Source "ChessBase"]
[SourceDate "2004.11.15"]
[SourceVersion "1"]
[SourceVersionDate "2004.11.15"]
[SourceQuality "1"]

1. e4 c5 2. Nf3 Nc6 3. d4 cxd4 4. Nxd4 a6 5. Nc3 e6 6. a3 g6 7. Be2 Bg7 8. Be3 Nge7 9. 0-0 0-0 10. Qd2 d5 11. Rad1 b5 12. Nxc6 Nxc6 13. exd5 Bxc3 14. Qxc3 exd5 15. Bh6 d4 16. Qxc6 Bf5 17. Bxf8 Qxf8 18. Rxd4 Rc8 19. Qf6 Qg7 20. Qb6 h6 21. Rd8+ Rxd8 22. Qxd8+ Kh7 23. Bd3 Bxd3 24. Qxd3 Qxb2 25. c4 bxc4 26. Qxc4 Qf6 27. Rc1 a5 28. Qc3 Qg5 29. Qc5 Qd2 30. Qc4 Qd7 31. h3 Qe7 32. Qc3 a4 33. Re1 Qd8 34. Qf3 Kg7 35. g4 Qd2 36. Rd1 Qa2 37. h4 Qc2 38. g5 hxg5 39. hxg5 Qf5 40. Qxf5 gxf5 41. Rd6 1-0